000 00390 a2200169 4500
001 189040
020 _a85-16-03857-2
040 _cMagnum
100 _aCony, Carlos Heitor
240 1 0 _aO mistério das jóias coloniais
_lpor
245 1 0 _aO mistério das jóias coloniais
300 _a110
362 0 _a2010
440 1 _aSalamandra
697 _aLITERATURA JUVENIL
942 _cBK
999 _c189040
_d189040